| 000 | 00878nas a2200289 4500 | ||
|---|---|---|---|
| 001 | BR2011004791 | ||
| 003 | BR-BrBNA | ||
| 005 | 20231205115541.0 | ||
| 007 | ta | ||
| 008 | 230509b bl.|||p| |||| 00| 00por d | ||
| 040 |
_aBR-BrBNA _bpor _cBiblioteca Nacional de Agricultura |
||
| 041 | _a(En) | ||
| 072 | _aJ11 | ||
| 100 | 1 | _aFrancisco, F.G. | |
| 100 | 1 | _aUsberti, R. | |
| 245 | 1 | _aSeed health of common bean stored at constant moisture and temperature | |
| 246 | 1 | _aSeed health of common bean stored at constant moisture and temperature | |
| 650 | _aFEIJÃO | ||
| 650 | _aSEMENTE | ||
| 650 | _aARMAZENAMENTO | ||
| 650 | _aUMIDADE | ||
| 650 | _aTEMPERATURA | ||
| 650 | _aDOENÇA | ||
| 773 | 0 |
_tScientia Agricola (Brazil) _xISSN 0103-9016 _g(Nov-Dec 2008), v. 65(6) p. 613-619 _wBR2011004791 |
|
| 909 |
_a202311 _bLúcia _c55 _dLúcia Elande |
||
| 942 |
_2AGRIS _n0 _cANA |
||
| 999 |
_c214394 _d214394 |
||